banner koha

Bacia hidrografica representativa Juatama, Ceara (Registro n. 284665)

MARC details
000 -LÍDER
campo de controle de tamanho fixo 00948nac a22003017a 4500
001 - NÚMERO DE CONTROLE
campo de controle BR9300174
003 - IDENTIFICADOR DO NÚMERO DE CONTROLE
campo de controle BR-BrBNA
005 - DATA E HORÁRIO DA ÚLTIMA TRANSAÇÃO
campo de controle 20240105121328.0
008 - CAMPO DE DADOS FIXOS--INFORMAÇÃO GERAL
campo de controle de tamanho fixo 230509b bl.|||m| |||| 00| 0 por d
040 ## - FONTE DA CATALOGAÇÃO
Instituição da catalogação original BR-BrBNA
Idioma da catalogação por
Instituição que transcreveu o registro Biblioteca Nacional de Agricultura
072 ## - CÓDIGO DE CATEGORIA DE ASSUNTO
Código de Categoria de Assunto P10
090 ## - NÚMERO DE CHAMADA LOCAL
Número de chamada P10 BR9300174
100 1# - ENTRADA PRINCIPAL--NOME PESSOAL
Nome pessoal Herband, J.J.M.
100 1# - ENTRADA PRINCIPAL--NOME PESSOAL
Nome pessoal Magalhaes, F.X. de
100 1# - ENTRADA PRINCIPAL--NOME PESSOAL
Nome pessoal Cadier, E.
100 1# - ENTRADA PRINCIPAL--NOME PESSOAL
Nome pessoal Cavalcante, N.M. da C.
110 1# - ENTRADA PRINCIPAL--NOME CORPORATIVO
Nome corporativo ou nome da jurisdição Superintendencia do Desenvolvimento do Nordeste, Recife, PE (Brasil)
245 1# - TÍTULO
Título Bacia hidrografica representativa Juatama, Ceara
Restante do título Relatorio final
260 3# - PUBLICAÇÃO, DISTRIBUIÇÃO, ETC.
Local de publicação, distribuição, etc. Recife, PE (Brasil):
Data da publicação, distribuição, etc. 1989.
300 ## - DESCRIÇÃO FÍSICA
Extensão 163 p.
490 ## - TÍTULO DA SÉRIE
Título da série Brasil. SUDENE. Hidrologia (Brazil)
Número do volume ou designação sequencial da série no. 24
ISSN - International Standard Serial Number
500 ## - NOTA GERAL
Nota geral 29 ref.; 33 illus.; Summary (Pt)
650 ## - ASSUNTO--TERMO TÓPICO
Cabeçalho tópico ou nome geográfico Bacia Hidrografica
650 ## - ASSUNTO--TERMO TÓPICO
Cabeçalho tópico ou nome geográfico Hidrometeorologia
650 ## - ASSUNTO--TERMO TÓPICO
Cabeçalho tópico ou nome geográfico Ceara
909 ## -
-- 202312
-- Lúcia Elande
-- 55
-- Lúcia Elande
942 ## - ELEMENTOS DE ENTRADA ADICIONADOS (KOHA)
Fonte da classificação ou esquema de arquivamento na estante Classificação AGRIS
Ocultar no OPAC Não
Tipo de material Koha Monografia Seriada
Exemplares
Situação do descarte Fonte da classificação ou esquema de arquivamento na estante Situação física Não pode ser emprestado Coleção Biblioteca de origem Biblioteca atual Localização na estante Total de empréstimos Número de telefone completo Código de barras Data de último acesso Tipo de material Koha Fonte de aquisição
  Classificação AGRIS       Biblioteca Nacional de Agricultura - Binagri Biblioteca Nacional de Agricultura - Binagri Agrobase - Acervo Geral   P10 BR9300174 P10 BR9300174 18/12/2023 Monografia Seriada Portaria Interministerial nº 164/94

BINAGRI

Telefone: (61)3218-2567/2388/3357/2097 - binagri@agro.gov.br

Ministério da Agricultura e Pecuária , Esplanada dos Ministérios, Bloco D, Anexo B, Brasília/DF, CEP: 70.043-900